Welcome to CU Library Online Public Access Catalogue (OPAC)

Handbook of psychiatric drug therapy / (Record no. 3608)

MARC details
000 -LEADER
fixed length control field 01119cam a22002654a 4500
001 - CONTROL NUMBER
control field 13911120
005 - DATE AND TIME OF LATEST TRANSACTION
control field 20250207193804.0
008 - FIXED-LENGTH DATA ELEMENTS--GENERAL INFORMATION
fixed length control field 050324s2005 paua bf 001 0 eng
020 ## - INTERNATIONAL STANDARD BOOK NUMBER
International Standard Book Number 9780781751889
050 00 - LIBRARY OF CONGRESS CALL NUMBER
Classification number RC483
Item number .A73 2005
082 00 - DEWEY DECIMAL CLASSIFICATION NUMBER
Classification number 616.89/18
Edition information 22
245 00 - TITLE STATEMENT
Title Handbook of psychiatric drug therapy /
Statement of responsibility, etc. Jerrold F. Rosenbaum ... [et al.].
250 ## - EDITION STATEMENT
Edition statement 5th ed.
260 ## - PUBLICATION, DISTRIBUTION, ETC.
Place of publication, distribution, etc. Philadelphia, PA :
Name of publisher, distributor, etc. Lippincott Williams & Wilkins,
Date of publication, distribution, etc. c2005.
300 ## - PHYSICAL DESCRIPTION
Extent xiii, 322 p. :
Other physical details ill. ;
Dimensions 21 cm.
500 ## - GENERAL NOTE
General note Rev. ed. of: Handbook of psychiatric drug therapy / George W. Arana, Jerrold F. Rosenbaum. 4th ed. c2000.
650 #0 - SUBJECT ADDED ENTRY--TOPICAL TERM
Topical term or geographic name entry element Mental illness
General subdivision Chemotherapy
Form subdivision Handbooks, manuals, etc.
650 #0 - SUBJECT ADDED ENTRY--TOPICAL TERM
Topical term or geographic name entry element Psychopharmacology
Form subdivision Handbooks, manuals, etc.
650 12 - SUBJECT ADDED ENTRY--TOPICAL TERM
Topical term or geographic name entry element Mental Disorders
General subdivision drug therapy.
650 22 - SUBJECT ADDED ENTRY--TOPICAL TERM
Topical term or geographic name entry element Psychotropic Drugs
General subdivision pharmacology.
700 1# - ADDED ENTRY--PERSONAL NAME
Personal name Rosenbaum, Jerrold F.
Fuller form of name (Jerrold F.)
856 41 - ELECTRONIC LOCATION AND ACCESS
Materials specified Table of contents
Uniform Resource Identifier <a href="http://www.loc.gov/catdir/toc/ecip0510/2005008500.html">http://www.loc.gov/catdir/toc/ecip0510/2005008500.html</a>
856 42 - ELECTRONIC LOCATION AND ACCESS
Materials specified Publisher description
Uniform Resource Identifier <a href="http://www.loc.gov/catdir/enhancements/fy0712/2005008500-d.html">http://www.loc.gov/catdir/enhancements/fy0712/2005008500-d.html</a>
942 ## - ADDED ENTRY ELEMENTS (KOHA)
Source of classification or shelving scheme Library of Congress Classification
Koha item type Books
Edition 5th ed.
Suppress in OPAC No
999 ## -
-- 3608
-- 3608
Holdings
Withdrawn status Lost status Source of classification or shelving scheme Damaged status Not for loan Collection Home library Current library Shelving location Date acquired Total checkouts Full call number Barcode Date last seen Copy number Price effective from Koha item type
    Library of Congress Classification     Non-fiction Science Library (Miotso) Science Library (Miotso) General stacks 02/07/2025   RC483 .A73 HAN SLM00003068 02/07/2025 1 02/07/2025 Books
    Library of Congress Classification     Non-fiction Science Library (Miotso) Science Library (Miotso) General stacks 02/07/2025   RC483 .A73 HAN SLM00003069 02/07/2025 2 02/07/2025 Books
© 2023-2024 Copyright: Central University Libraries. All Rights Reserved | Created by: Mahone Tech Office